| 000 | 00815nam a2200253 a 4500 | ||
|---|---|---|---|
| 005 | 20250222063751.0 | ||
| 008 | 180413s2015 es r 000 0 spa d | ||
| 020 | _a9788499217314 | ||
| 035 | _aUPN01000224011 | ||
| 049 | _aCG | ||
| 050 | 4 |
_aLB1139.23 _bH6.2 |
|
| 100 | 1 |
_aHoyuelos Planillo, Alfredo _941791 |
|
| 245 | 1 | 0 |
_aComplejidad y relaciones en educación infantil / _cAlfredo Hoyuelos, Maria A. Riera. |
| 260 |
_aBarcelona, Esp. : _bOctaedro-Rosa Sensat, _c2015. |
||
| 300 | _a157 p. | ||
| 440 | 0 |
_aTemas de infancia ; _v37. _pEducar de 0 a 6 años |
|
| 650 | 4 |
_aEducación de la primera infancia _96933 |
|
| 650 | 4 |
_aDesarrollo infantil _9176 |
|
| 650 | 2 |
_aJuegos escolares _97004 |
|
| 700 | 1 |
_aRiera Jaume, María Antónia, _ecoaut. |
|
| 905 | _aLibro | ||
| 999 |
_c196108 _d196108 |
||